Funktion und ihre Darstellung in der Werbegrafik = Visual Presentation of Invisible Processes = La fonction et sa représentation dans le dessin publicitaire (Record no. 22256)

MARC details
000 -CABECERA
campo de control de longitud fija 00762nam a22002177a 4500
003 - IDENTIFICADOR DEL NÚMERO DE CONTROL
campo de control OSt
005 - FECHA Y HORA DE LA ÚLTIMA TRANSACCIÓN
campo de control 20260601193901.0
008 - DATOS DE LONGITUD FIJA--INFORMACIÓN GENERAL
campo de control de longitud fija 260508b1967 |||ao||| |||| 000 0 ger d
040 ## - FUENTE DE LA CATALOGACIÓN
Centro catalogador/agencia de origen ICI
Lengua de catalogación spa
Centro/agencia transcriptor ICI
Normas de descripción rda
050 ## - SIGNATURA TOPOGRÁFICA DE LA BIBLIOTECA DEL CONGRESO
Número de clasificación NC997
Número de documento/Ítem .S7
100 ## - ENTRADA PRINCIPAL--NOMBRE DE PERSONA
Nombre de persona Stankowski, Anton
Término indicativo de función/relación autor
9 (RLIN) 33967
245 ## - MENCIÓN DE TÍTULO
Título Funktion und ihre Darstellung in der Werbegrafik = Visual Presentation of Invisible Processes = La fonction et sa représentation dans le dessin publicitaire
264 ## - PRODUCCIÓN, PUBLICACIÓN, DISTRIBUCIÓN, FABRICACIÓN Y COPYRIGHT
Producción, publicación, distribución, fabricación y copyright Artur Niggli
Nombre del de productor, editor, distribuidor, fabricante 1967
Fecha de producción, publicación, distribución, fabricación o copyright Suiza
300 ## - DESCRIPCIÓN FÍSICA
Extensión 127 páginas
336 ## - TIPO DE CONTENIDO
Fuente rdacontent
Término de tipo de contenido texto
337 ## - TIPO DE MEDIO
Fuente rdamedia
Nombre/término del tipo de medio sin medio
338 ## - TIPO DE SOPORTE
Fuente rdacarrier
Nombre/término del tipo de soporte volumen
650 ## - PUNTO DE ACCESO ADICIONAL DE MATERIA--TÉRMINO DE MATERIA
Término de materia o nombre geográfico como elemento de entrada Procesamiento de datos
Subdivisión general Representación gráfica
9 (RLIN) 33968
650 ## - PUNTO DE ACCESO ADICIONAL DE MATERIA--TÉRMINO DE MATERIA
Término de materia o nombre geográfico como elemento de entrada Visualización de la información
942 ## - ELEMENTOS DE PUNTO DE ACCESO ADICIONAL (KOHA)
Fuente del sistema de clasificación o colocación Library of Congress Classification
Suprimir en OPAC 1
Tipo de ítem Koha Libros
Holdings
Estado de retiro Estado de pérdida Fuente del sistema de clasificación o colocación Estado dañado No para préstamo Localización permanente Ubicación/localización actual Fecha de adquisición Total de préstamos Signatura topográfica completa Código de barras Fecha visto por última vez Número de copia Precio válido a partir de Tipo de ítem Koha
El ejemplar forma parte de la colección y puede ser consultado según las políticas vigentes.   Library of Congress Classification     Biblioteca de Diseño Museo Franz Mayer Biblioteca de Diseño Museo Franz Mayer 08/05/2026   NC997 .S7 BDIMFM000365 08/05/2026 EJ. 1 08/05/2026 Libros